[Event "CHN-ch"]
[Site "Xinghua"]
[Date "2025.06.30"]
[Round "8"]
[White "Chen, Kailin"]
[Black "Chu, Wei Chao"]
[Result "0-1"]
[WhiteElo "2311"]
[BlackElo "2406"]
[PlyCount "86"]
[EventDate "2025.06.23"]
[EventType "swiss"]
[EventRounds "11"]
[EventCountry "CHN"]
[SourceTitle "CB28_2025"]
[SourceDate "2025.07.09"]
[SourceVersion "1"]
[SourceVersionDate "2025.07.09"]
[SourceQuality "1"]

1. e4 c6 2. d4 d5 3. exd5 cxd5 4. Bd3 Nc6 5. c3 Nf6 6. Bf4 g6 7. Nf3 Bf5 8. 0-0 e6 9. Re1 Bxd3 10. Qxd3 Bd6 11. Bxd6 Qxd6 12. Ne5 0-0 13. Nd2 Qc7 14. h4 Kg7 15. g3 h5 16. a4 Rfc8 17. Kg2 Rab8 18. Ndf3 Nxe5 19. dxe5 Ne4 20. Ng5 Nxg5 21. hxg5 Qe7 22. f4 Qc5 23. Qe3 a5 24. Qxc5 Rxc5 25. Re2 Rc4 26. Ra3 b6 27. Rd2 Rbc8 28. Kf3 Rh8 29. Rd4 h4 30. Rxc4 dxc4 31. gxh4 Rxh4 32. Kg3 Rh8 33. b3 Rc8 34. bxc4 Rxc4 35. Rb3 Rxa4 36. Rxb6 Rc4 37. Ra6 Rxc3+ 38. Kg2 Ra3 39. Ra8 Ra1 40. Kh2 a4 41. Kg2 a3 42. Kh2 a2 43. Kg2 Kh7 0-1

[Event "CHN-ch"]
[Site "Xinghua"]
[Date "2025.06.29"]
[Round "7"]
[White "Chu, Wei Chao"]
[Black "Zhou, Runyi"]
[Result "1-0"]
[WhiteElo "2406"]
[BlackElo "2301"]
[PlyCount "111"]
[EventDate "2025.06.23"]
[EventType "swiss"]
[EventRounds "11"]
[EventCountry "CHN"]
[SourceTitle "CB28_2025"]
[SourceDate "2025.07.09"]
[SourceVersion "1"]
[SourceVersionDate "2025.07.09"]
[SourceQuality "1"]

1. d4 d5 2. c4 c6 3. Nf3 Nf6 4. Nc3 dxc4 5. a4 e6 6. e3 c5 7. Bxc4 Nc6 8. 0-0 cxd4 9. exd4 Be7 10. Qe2 0-0 11. Rd1 Nb4 12. Bg5 Bd7 13. Ne5 Rc8 14. Bb3 Be8 15. a5 Nc6 16. d5 Nxe5 17. Qxe5 Rc5 18. Qe3 Rxa5 19. Rxa5 Qxa5 20. d6 Ng4 21. dxe7 Nxe3 22. Bxe3 Qb4 23. exf8Q+ Kxf8 24. Bc2 Bc6 25. Bc1 Qg4 26. f3 Bxf3 27. Rd2 Bc6 28. Rf2 h6 29. Be3 b6 30. h3 Qb4 31. Bd3 Qd6 32. Bf1 Qe5 33. Re2 Qg3 34. Bf2 Qg6 35. Rd2 Qg5 36. Re2 Qf5 37. Rd2 Qf4 38. Rc2 Qf5 39. Rc1 Bd7 40. Ra1 Qc2 41. Rxa7 Qxb2 42. Rxd7 Qxc3 43. Rb7 e5 44. Bxb6 Qc6 45. Rb8+ Ke7 46. Bd8+ Ke6 47. Rb6 Qxb6+ 48. Bxb6 f5 49. Bc5 e4 50. Bc4+ Ke5 51. Bf8 Kf6 52. g3 h5 53. h4 g5 54. hxg5+ Kxg5 55. Be7+ Kg4 56. Kg2 1-0

[Event "CHN-ch"]
[Site "Xinghua"]
[Date "2025.06.27"]
[Round "5"]
[White "Chu, Wei Chao"]
[Black "Peng, Xiongjian"]
[Result "0-1"]
[WhiteElo "2406"]
[BlackElo "2520"]
[PlyCount "64"]
[EventDate "2025.06.23"]
[EventType "swiss"]
[EventRounds "11"]
[EventCountry "CHN"]
[SourceTitle "CB28_2025"]
[SourceDate "2025.07.09"]
[SourceVersion "1"]
[SourceVersionDate "2025.07.09"]
[SourceQuality "1"]

1. d4 e6 2. c4 b6 3. e4 Bb4+ 4. Bd2 Bxd2+ 5. Qxd2 Ne7 6. Nc3 d6 7. f4 d5 8. cxd5 exd5 9. e5 0-0 10. Nf3 c5 11. Be2 Nbc6 12. 0-0 Bg4 13. dxc5 bxc5 14. b3 f6 15. exf6 Rxf6 16. Rac1 Rc8 17. Rfd1 Bxf3 18. Bxf3 Nd4 19. Bg4 Rg6 20. h3 Qd6 21. Nb5 Nxb5 22. Bxc8 Nxc8 23. Qxd5+ Qxd5 24. Rxd5 Ne7 25. Rd7 Kf8 26. Rxc5 a6 27. a4 Nd6 28. Ra7 Ndf5 29. Ra5 Rg3 30. Rb7 Nh4 31. Re5 Nef5 32. Rc5 Rxg2+ 0-1

[Event "CHN-chT"]
[Site "Hebei"]
[Date "2025.05.02"]
[Round "8.12"]
[White "Chu, Wei Chao"]
[Black "Zhu, Hengyi"]
[Result "1/2-1/2"]
[WhiteElo "2406"]
[BlackElo "2385"]
[PlyCount "98"]
[EventDate "2025.04.25"]
[EventType "team-swiss"]
[EventRounds "9"]
[EventCountry "CHN"]
[SourceTitle "CB20_2025"]
[SourceDate "2025.05.14"]
[SourceVersion "1"]
[SourceVersionDate "2025.05.14"]
[SourceQuality "1"]
[WhiteTeam "Tianjin"]
[BlackTeam "Hangzhou"]
[WhiteTeamCountry "CHN"]
[BlackTeamCountry "CHN"]

1. d4 Nf6 2. c4 e6 3. Nc3 Bb4 4. e3 0-0 5. Bd3 d5 6. Nf3 b6 7. 0-0 Bb7 8. a3 Bd6 9. cxd5 exd5 10. b4 a6 11. Qb3 Nbd7 12. a4 Qe7 13. Ba3 Rfe8 14. b5 Bxa3 15. Qxa3 Qxa3 16. Rxa3 axb5 17. Nxb5 Rec8 18. Rc1 c5 19. Nd6 Rc7 20. Nxb7 Rxb7 21. Bb5 Rc7 22. Ne5 Kf8 23. Nxd7+ Nxd7 24. Bxd7 Rxd7 25. dxc5 bxc5 26. Rc2 c4 27. Rxc4 d4 28. Rc5 d3 29. Ra1 d2 30. a5 Rb7 31. Rd1 Rba7 32. Rxd2 Rxa5 33. Rxa5 Rxa5 34. g4 h5 35. h3 hxg4 36. hxg4 g5 37. Rd7 Kg7 38. Kg2 Ra2 39. Kg3 Ra3 40. Rb7 Rc3 41. Re7 Ra3 42. f4 gxf4+ 43. Kxf4 Ra1 44. Rb7 Kg6 45. Rc7 Rf1+ 46. Kg3 Rg1+ 47. Kf3 Rf1+ 48. Kg2 Ra1 49. Kf3 Rf1+ 1/2-1/2

[Event "CHN-ch Blitz"]
[Site "Hohhot"]
[Date "2024.11.14"]
[Round "6"]
[White "Chu, Wei Chao"]
[Black "Xu, Minghui"]
[Result "1-0"]
[WhiteElo "2331"]
[BlackElo "2311"]
[PlyCount "75"]
[EventDate "2024.11.13"]
[EventType "swiss (blitz)"]
[EventRounds "9"]
[EventCountry "CHN"]
[SourceTitle "CB49_2024"]
[SourceDate "2024.12.04"]
[SourceVersion "1"]
[SourceVersionDate "2024.12.04"]
[SourceQuality "1"]

1. d4 Nf6 2. Nf3 g6 3. c4 Bg7 4. Nc3 0-0 5. e4 d6 6. Be2 c5 7. d5 e6 8. 0-0 exd5 9. cxd5 Na6 10. Nd2 Re8 11. Re1 Rb8 12. Bf1 Nc7 13. a4 a6 14. Nc4 b5 15. axb5 axb5 16. Na5 Bd7 17. f3 Ra8 18. Nb7 Qb8 19. Rxa8 Nxa8 20. Na5 Qb6 21. Nc6 Bxc6 22. dxc6 c4+ 23. Kh1 Qxc6 24. Bf4 b4 25. Nd5 Nxd5 26. exd5 Rxe1 27. Qxe1 Qd7 28. Qxb4 Nc7 29. Bxc4 Be5 30. Bxe5 dxe5 31. Qc5 Qa4 32. h3 Qd1+ 33. Kh2 Qd2 34. Qxc7 Qf4+ 35. Kg1 Qe3+ 36. Kf1 Qc1+ 37. Kf2 Qc2+ 38. Kg3 1-0

[Event "CHN-ch Blitz"]
[Site "Hohhot"]
[Date "2024.11.13"]
[Round "1"]
[White "Bai, Jinshi"]
[Black "Chu, Wei Chao"]
[Result "1/2-1/2"]
[WhiteElo "2542"]
[BlackElo "2331"]
[PlyCount "140"]
[EventDate "2024.11.13"]
[EventType "swiss (blitz)"]
[EventRounds "9"]
[EventCountry "CHN"]
[SourceTitle "CB49_2024"]
[SourceDate "2024.12.04"]
[SourceVersion "1"]
[SourceVersionDate "2024.12.04"]
[SourceQuality "1"]

1. c4 c5 2. Nf3 Nc6 3. d4 cxd4 4. Nxd4 Nf6 5. Nc3 g6 6. g3 Bg7 7. Bg2 0-0 8. 0-0 Nxd4 9. Qxd4 d6 10. Qd3 Bf5 11. e4 Be6 12. Bd2 Rc8 13. b3 Qd7 14. Rac1 Bh3 15. Rfe1 Bxg2 16. Kxg2 Rfd8 17. h3 Qc6 18. Nd5 Qd7 19. Bg5 Nxd5 20. exd5 Re8 21. Re4 h6 22. Be3 a6 23. Bb6 e5 24. dxe6 Rxe6 25. Rxe6 Qxe6 26. Be3 h5 27. Rd1 Rc6 28. a4 Be5 29. Qe4 Bf6 30. Qf3 Kg7 31. Rd5 Rc8 32. a5 Re8 33. Rd3 Re7 34. Qd5 Qxd5+ 35. Rxd5 Re6 36. Bf4 Be7 37. Kf3 Kf8 38. c5 dxc5 39. Rd7 b6 40. Bc7 bxa5 41. Bxa5 Ke8 42. Rb7 Rc6 43. Ke4 c4 44. bxc4 Rxc4+ 45. Kd3 Ra4 46. Bc3 Bc5 47. f4 Ra2 48. g4 Rh2 49. Kc4 Be7 50. gxh5 gxh5 51. Rb8+ Kd7 52. Rb7+ Ke6 53. f5+ Kxf5 54. Rxe7 Rxh3 55. Rxf7+ Kg4 56. Be5 Rf3 57. Rg7+ Kf5 58. Kd5 h4 59. Rf7+ Kg4 60. Rg7+ Kf5 61. Rh7 h3 62. Rh4 a5 63. Bd6 Rd3+ 64. Kc6 Kg5 65. Ra4 Rxd6+ 66. Kxd6 h2 67. Ra1 Kg4 68. Ke5 Kf3 69. Ra3+ Kg2 70. Ra2+ Kg1 1/2-1/2

[Event "CHN-ch Blitz"]
[Site "Hohhot"]
[Date "2024.11.13"]
[Round "4"]
[White "Chu, Wei Chao"]
[Black "Lan, Zilun"]
[Result "1-0"]
[WhiteElo "2331"]
[BlackElo "2307"]
[PlyCount "67"]
[EventDate "2024.11.13"]
[EventType "swiss (blitz)"]
[EventRounds "9"]
[EventCountry "CHN"]
[SourceTitle "CB49_2024"]
[SourceDate "2024.12.04"]
[SourceVersion "1"]
[SourceVersionDate "2024.12.04"]
[SourceQuality "1"]

1. Nf3 b6 2. e4 Bb7 3. Nc3 c5 4. d4 cxd4 5. Nxd4 e6 6. Be3 Nf6 7. f3 Bb4 8. Ndb5 d5 9. e5 Nfd7 10. Qd4 Bc5 11. Qf4 0-0 12. 0-0-0 Nc6 13. Bxc5 bxc5 14. Nd6 Rb8 15. Bb5 Ndxe5 16. Nxb7 Rxb7 17. Rhe1 Qb6 18. Rxe5 Nxe5 19. Qxe5 d4 20. a4 a6 21. b3 dxc3 22. Bc4 Qb4 23. Rd3 Qa3+ 24. Kd1 Qa1+ 25. Ke2 Qg1 26. Qg3 a5 27. Rxc3 Rd7 28. Bd3 Rd5 29. Rc4 Rfd8 30. h4 Rd4 31. Rc3 Qh1 32. Rxc5 Rxh4 33. Rxa5 Rh5 34. Qc7 1-0

[Event "CHN-ch Blitz"]
[Site "Hohhot"]
[Date "2024.11.13"]
[Round "2"]
[White "Chu, Wei Chao"]
[Black "Wang, Yue"]
[Result "0-1"]
[WhiteElo "2331"]
[BlackElo "2658"]
[PlyCount "54"]
[EventDate "2024.11.13"]
[EventType "swiss (blitz)"]
[EventRounds "9"]
[EventCountry "CHN"]
[SourceTitle "CB49_2024"]
[SourceDate "2024.12.04"]
[SourceVersion "1"]
[SourceVersionDate "2024.12.04"]
[SourceQuality "1"]

1. d4 Nf6 2. c4 e6 3. Nf3 d5 4. g3 Bb4+ 5. Bd2 Be7 6. Bg2 0-0 7. 0-0 c6 8. Qc2 Nbd7 9. b3 b5 10. cxb5 cxb5 11. Nc3 Ba6 12. Rfe1 b4 13. Na4 Rc8 14. Qd1 Ne4 15. Rc1 Qa5 16. Rxc8 Rxc8 17. Qb1 Bb5 18. Rc1 Rxc1+ 19. Qxc1 Bxa4 20. bxa4 Qxa4 21. Qc8+ Nf8 22. Be1 Qxa2 23. Bf1 b3 24. Qb7 Bd6 25. Bb4 b2 26. Ne5 Bxe5 27. Bxf8 b1Q 0-1

[Event "CHN-ch Rapid"]
[Site "Hohhot"]
[Date "2024.11.12"]
[Round "3"]
[White "Du, Chunhui"]
[Black "Chu, Wei Chao"]
[Result "1-0"]
[WhiteElo "2390"]
[BlackElo "2331"]
[PlyCount "95"]
[EventDate "2024.11.12"]
[EventType "swiss (rapid)"]
[EventRounds "9"]
[EventCountry "CHN"]
[SourceTitle "CB49_2024"]
[SourceDate "2024.12.04"]
[SourceVersion "1"]
[SourceVersionDate "2024.12.04"]
[SourceQuality "1"]

1. e4 c5 2. Nf3 d6 3. d4 cxd4 4. Nxd4 Nf6 5. Nc3 e5 6. Bb5+ Nbd7 7. Nde2 a6 8. Bxd7+ Bxd7 9. 0-0 Be7 10. Bg5 Be6 11. Bxf6 Bxf6 12. Nd5 Bg5 13. c4 0-0 14. Qd3 Rc8 15. a4 f5 16. Nec3 Kh8 17. a5 Qe8 18. Nb6 Rc6 19. b4 Qf7 20. Ncd5 Bd8 21. Rac1 h6 22. f3 Bg5 23. Rc3 Qg6 24. exf5 Bxf5 25. Qe2 Re8 26. Ne3 Be6 27. Ned5 Bf5 28. Ne3 Be6 29. Ned5 Qf7 30. Rd1 Bd8 31. Rc2 Rf8 32. Qe3 h5 33. Rc3 h4 34. h3 Qg6 35. Kh1 Qg3 36. Qe1 Qg6 37. Qe3 Bg5 38. Qe1 Qh6 39. c5 dxc5 40. Rxc5 Rxc5 41. bxc5 Bf4 42. Nxf4 Qxf4 43. Rd6 Bf5 44. Nd5 Qa4 45. Qxe5 Bh7 46. Ne7 Qxa5 47. Rh6 Rd8 48. Rxh7+ 1-0

[Event "CHN-chT Div-A"]
[Site "Fuling"]
[Date "2024.07.07"]
[Round "10.3"]
[White "Zhang, Di"]
[Black "Chu, Wei Chao"]
[Result "1/2-1/2"]
[WhiteElo "2362"]
[BlackElo "2412"]
[PlyCount "61"]
[EventDate "2024.06.26"]
[EventType "team-swiss"]
[EventRounds "11"]
[EventCountry "CHN"]
[SourceTitle "CBM 221 Extra"]
[Source "ChessBase"]
[SourceDate "2024.09.30"]
[SourceVersion "1"]
[SourceVersionDate "2024.09.30"]
[SourceQuality "1"]
[WhiteTeam "Beijing"]
[BlackTeam "Tianjin"]
[WhiteTeamCountry "CHN"]
[BlackTeamCountry "CHN"]

1. Nf3 d5 2. g3 Nf6 3. Bg2 c5 4. 0-0 e6 5. d4 cxd4 6. Nxd4 e5 7. Nf3 Nc6 8. c4 d4 9. e3 Be7 10. exd4 exd4 11. b4 Bxb4 12. Nxd4 0-0 13. Nxc6 bxc6 14. Qxd8 Rxd8 15. Bxc6 Bh3 16. Bg2 Bxg2 17. Kxg2 Rac8 18. a3 Bf8 19. Be3 Rxc4 20. Bxa7 Ra8 21. Be3 Nd5 22. Bd2 h5 23. a4 Rcxa4 24. Rxa4 Rxa4 25. Nc3 Nxc3 26. Bxc3 g6 27. Re1 Bg7 28. Re8+ Kh7 29. Bxg7 Kxg7 30. h4 Ra2 31. Re3 1/2-1/2